|
|
|
|
| LEADER |
02921nam a2200673 i 4500 |
| 001 |
nkc20193133187 |
| 003 |
CZ PrNK |
| 005 |
20191010080947.0 |
| 007 |
ta |
| 008 |
190916t20192019xr acf e 000 ddcze |
| 020 |
|
|
|a 978-80-7258-698-1
|q (brožováno)
|
| 040 |
|
|
|a ABA001
|b cze
|e rda
|
| 041 |
1 |
|
|a cze
|h ita
|
| 043 |
|
|
|a e-xr---
|b e-xr-pg
|2 czenas
|
| 045 |
|
|
|a y1y1
|
| 072 |
|
7 |
|a 792
|x Divadlo. Divadelní představení
|2 Konspekt
|9 3
|
| 080 |
|
|
|a 821.131.1-32
|2 MRF
|
| 080 |
|
|
|a 792=025
|2 MRF
|
| 080 |
|
|
|a 792.2
|2 MRF
|
| 080 |
|
|
|a (437.311)
|2 MRF
|
| 080 |
|
|
|a (083.97)
|2 MRF
|
| 080 |
|
|
|a (0:82-2)
|2 MRF
|
| 245 |
0 |
0 |
|a Ascanio Celestini, Proslov k národu /
|c překlad: Tereza Sieglová
|
| 246 |
3 |
0 |
|a Proslov k národu
|
| 264 |
|
1 |
|a Praha :
|b Národní divadlo,
|c [2019]
|
| 264 |
|
4 |
|c ©2019
|
| 300 |
|
|
|a 198 stran, 16 nečíslovaných stran obrazových příloh :
|b ilustrace (některé barevné), portréty ;
|c 16 cm +
|e programy k I., II. a III. premiéře (4; 4; 4 nečíslované strany ; 15 cm)
|
| 336 |
|
|
|a text
|b txt
|2 rdacontent
|
| 337 |
|
|
|a bez média
|b n
|2 rdamedia
|
| 338 |
|
|
|a svazek
|b nc
|2 rdacarrier
|
| 500 |
|
|
|a Přeloženo z italštiny
|
| 500 |
|
|
|a "České premiéry: 6. a 7. června 2019 na Nové scéně"--Tiráž
|
| 500 |
|
|
|a "Výběr z povídkové sbírky Chodím v řadě, přeložený z italského originálu Io cammino in fila indiana ... doplňujeme povídkami z inscenace Discorsi alla nazione: Una modesta proposta (Skromný návrh), Metamorfosi di Toni Mafioso (Proměna Toniho Mafiána), Il pane rubato (Kradený chleba) a compagne e compagni (soudružky a soudruzi)"-- Strana 74
|
| 500 |
|
|
|a Pod názvem: Činohra
|
| 610 |
2 |
7 |
|a Národní divadlo v Praze.
|b Nová scéna
|7 mzk2010602291
|2 czenas
|
| 648 |
|
7 |
|a 2011
|7 ch967313
|2 czenas
|
| 648 |
|
7 |
|a 21. století
|7 ch460559
|2 czenas
|
| 648 |
|
7 |
|a 2019
|7 ch1095536
|2 czenas
|
| 648 |
|
7 |
|a 2011-2020
|7 ch460589
|2 czenas
|
| 650 |
0 |
7 |
|a italská povídka
|7 ph206882
|y 21. století
|2 czenas
|
| 650 |
0 |
7 |
|a divadelní adaptace
|7 ph117224
|2 czenas
|
| 650 |
0 |
7 |
|a činohry
|7 ph128179
|z Česko
|y 2011-2020
|2 czenas
|
| 650 |
0 |
9 |
|a Italian short stories
|y 21st century
|2 eczenas
|
| 650 |
0 |
9 |
|a stage adaptations
|2 eczenas
|
| 650 |
0 |
9 |
|a drama stages
|z Czechia
|y 2011-2020
|2 eczenas
|
| 651 |
|
7 |
|a Praha (Česko)
|7 ge118011
|2 czenas
|
| 651 |
|
9 |
|a Prague (Czechia)
|2 eczenas
|
| 655 |
|
7 |
|a divadelní programy
|7 fd132033
|2 czenas
|
| 655 |
|
7 |
|a dramata
|7 fd132072
|2 czenas
|
| 655 |
|
9 |
|a playbills
|2 eczenas
|
| 655 |
|
9 |
|a drama
|2 eczenas
|
| 700 |
1 |
|
|a Sieglová, Tereza,
|d 1979-
|7 mzk2009502379
|4 trl
|
| 710 |
2 |
|
|a Národní divadlo v Praze.
|b Činohra
|7 kn20010709462
|4 isb
|
| 710 |
2 |
|
|a Národní divadlo v Praze.
|b Nová scéna
|7 mzk2010602291
|4 orm
|
| 910 |
2 |
|
|a BOA001
|b 1-1435.206
|
| 990 |
|
|
|a BK
|
| 995 |
|
|
|a 11
|
| 991 |
|
|
|b 201910
|c NOV
|
| 996 |
6 |
|
|b 2610795298
|c 1-1435.206
|l MZK
|r Sklad / do 1 hodiny
|n 0
|p p.v.
|w 001755171
|u 000010
|a 1
|e BOA001
|j MZK50
|s P
|